Inter-Faith Essays and other Articles (Record no. 529036)
[ view plain ]
| 000 -LEADER | |
|---|---|
| fixed length control field | 00419 a2200157 4500 |
| 003 - CONTROL NUMBER IDENTIFIER | |
| control field | NUST |
| 038 ## - RECORD CONTENT LICENSOR | |
| Staff Name | MSOHAIL |
| 082 ## - DEWEY DECIMAL CLASSIFICATION NUMBER | |
| Classification number | 808.042 |
| 100 ## - MAIN ENTRY--PERSONAL NAME | |
| Personal name | Abdul Waheed Khan |
| 9 (RLIN) | 9274 |
| 245 ## - TITLE STATEMENT | |
| Title | Inter-Faith Essays and other Articles |
| Statement of responsibility, etc. | Abdul Waheed Khan |
| 260 ## - PUBLICATION, DISTRIBUTION, ETC. | |
| Name of publisher, distributor, etc. | Islamic-Christianity |
| Place of publication, distribution, etc. | Karachi |
| Date of publication, distribution, etc. | 2012 |
| 300 ## - PHYSICAL DESCRIPTION | |
| Extent | 95 p. |
| Dimensions | 22 cm. |
| 500 ## - GENERAL NOTE | |
| General note | Includes references |
| 650 ## - SUBJECT ADDED ENTRY--TOPICAL TERM | |
| Topical term or geographic name entry element | 1. Islam. |
| 9 (RLIN) | 20901 |
| 942 ## - ADDED ENTRY ELEMENTS (KOHA) | |
| Koha item type | Book |
| Call number prefix | 297 ABD |
| Source of classification or shelving scheme | |
| Withdrawn status | Lost status | Source of classification or shelving scheme | Damaged status | Not for loan | Permanent Location | Current Location | Date acquired | Total Checkouts | Full call number | Barcode | Date last seen | Price effective from | Koha item type |
|---|---|---|---|---|---|---|---|---|---|---|---|---|---|
| School of Civil and Environmental Engineering (SCEE) | School of Civil and Environmental Engineering (SCEE) | 09/18/2019 | 297.22 | NIT-10658 | 09/18/2019 | 09/18/2019 | Book |
